00409nam a2200157Ia 4500008004100000020001400041040001900055041001200074082002300086100002100109245004000130260002600170300001900196650002000215850001600235131103s9999 xx 000 0 und d a352317191 aLoreto College aEnglish aF/ZILbLCBED/11133 aZilinsky, Ursula 4aThe long afternooncUrsula Zilinsky aLondonbA Star c1985 a479p. c 18cm. aEnglish fiction aLCBED/F/ZIL